|
|
|
|
| LEADER |
01158nam a22002417a 4500 |
| 001 |
BD-DhAAL |
| 003 |
BD-DhAAL |
| 008 |
160206s 2002bg ||||| b||| 00| 0 ben d |
| 020 |
|
|
|a 9840772027
|
| 040 |
|
|
|a BD-DhAAL
|c BD-DhAAL
|
| 082 |
|
|
|a 305.4/095492
|
| 100 |
|
|
|a আমিন, সোনিয়া নিশাত
|9 17764
|
| 245 |
|
|
|a বাংঙালি মুসলিম নারীর আধুনিকায়ন ১৮৭৬-১৯৩৯ /
|c সোনিয়া নিশাত আমিন, অনুবাদ পাপড়ীন নাহার
|
| 260 |
|
|
|a ঢাকা :
|b বাংলা একাডেমী,
|c ২০০২.
|
| 300 |
|
|
|a ২২০ পৃ. ;
|c ২২ সে.মি.
|
| 504 |
|
|
|6 Includes bibliographies.
|
| 541 |
|
|
|e 4434
|
| 650 |
|
|
|a Women
|x Political activity
|z Bangladesh.
|9 17765
|
| 650 |
|
|
|a Muslim women
|x Social conditions.
|z Bangladesh
|9 17766
|
| 700 |
|
|
|a নাহার, পাপড়ীন
|9 17767
|
| 942 |
|
|
|2 ddc
|c BK
|
| 999 |
|
|
|c 36782
|d 36782
|
| 952 |
|
|
|0 0
|1 0
|2 ddc
|4 0
|6 305_400000000000000_095492_AMI
|7 0
|9 57880
|a SCL
|b SCL
|c GEN
|d 2016-02-06
|g 180.00
|l 0
|o 305.4095492 AMI
|p 3020004434
|r 2016-02-06
|t 1
|w 2016-02-06
|y BK
|